000 00868nam a2200193 i 4500
001 162740
003 ES-MaACL
005 20230906212607.0
008 030313s1889 sp |||| | spa d
100 1 _aPulido, Ángel,
_d1852-1932
_9149324
245 1 0 _aMemoria sobre reformas de los servicios de los hospitales provinciales de Madrid /
_cescrita por Angel Pulido Fernández.
260 _aMadrid :
_b[s.n.],
_c1889 (
_fEscuela tipográfica del Hospicio)
300 _a35 p. ;
_c26 cm.
594 _aPrecede al tít.: Diputación Provincial de Madrid.
650 4 _aHospitales-
_zMadrid.
_913482
710 1 _aMadrid (Provincia).
_bDiputación Provincial.
_9134671
852 _aES-MaACL
_jT-784-F-2
_z- Enc. hol., conservando la enc. original
_z- Sello del Dr. Pulido, ejemp. donado al Ateneo de Madrid
_z- Enc. en un vol. facticio
999 _c162740
_d162740